000 00935cam a2200157 4500500
005 20260405001425.0
041 _afre
042 _adc
100 1 0 _aLanghade, Jacques
_eauthor
245 0 0 _aBaudouin Dupret, La charia aujourd’hui . Usages de la référence au droit islamique. La Découverte, coll. Recherches, 2012, 302 pages, 26 €
260 _c2012.
500 _a56
520 _aRésuméPasolini se faisait une idée très haute du style, non seulement du style artistique mais aussi du style qu’engage la vie ordinaire, dans les gestes et les figures du quotidien. Il ne s’agit pas là d’une sacralisation de l’art et de ses œuvres, mais d’une décision sur ce qui, dans toutes les formes, met en jeu la valeur même de l’humain.
786 0 _nÉtudes | 417 | 9 | 2012-09-01 | p. XXIV-XXIV | 0014-1941
856 4 1 _uhttps://shs.cairn.info/revue-etudes-2012-9-page-XXIV?lang=fr&redirect-ssocas=7080
999 _c2047504
_d2047504